Theory And Design For Mechanical Measurement (Record no. 319353)

MARC details
000 -LEADER
fixed length control field 00469nam a2200169Ia 4500
008 - FIXED-LENGTH DATA ELEMENTS--GENERAL INFORMATION
fixed length control field 230718s9999 xx 000 0 und d
041 ## - LANGUAGE CODE
Language code of text/sound track or separate title eng
082 ## - DEWEY DECIMAL CLASSIFICATION NUMBER
Classification number 629.8
Item number FIG
100 ## - MAIN ENTRY--PERSONAL NAME
Personal name Figliola R.S.
245 ## - TITLE STATEMENT
Title Theory And Design For Mechanical Measurement
250 ## - EDITION STATEMENT
Edition statement 4th ed.
260 ## - PUBLICATION, DISTRIBUTION, ETC. (IMPRINT)
Name of publisher, distributor, etc. John Wiley
300 ## - PHYSICAL DESCRIPTION
Accompanying material [OBSOLETE, CAN/MARC] Ref 543 I (30560)
365 ## - TRADE PRICE
Currency code Rs.
Price amount 1715.34
700 ## - ADDED ENTRY--PERSONAL NAME
Personal name Figliola R.S. & Beasley D.E.
9 (RLIN) 186576
906 ## - LOCAL DATA ELEMENT F, LDF (RLIN)
d B:108090050921-Aug-2008
c INST
b 343.06
Holdings
Withdrawn status Lost status Source of classification or shelving scheme Reference No Damaged status Not for loan Home library Current library Date acquired Vendor Budget Code Cost, normal purchase price Bill number Full call number Barcode Date last seen Discount Cost, replacement price Bill Date Koha item type Original Barcode
    Dewey Decimal Classification Ref 543 I (30560)   Reference Cummins College of Engineering for Women Pune Cummins College of Engineering for Women Pune 06/10/2008 Varma Book Distributors INST 1372.28 1080900509 629.8 CCEP-BK-30560 18/07/2023 343.06 1715.34 21/08/2008 Books 030560